[Event "DEM U12 2012"]
[Site "Oberhof GER"]
[Date "2012.06.01"]
[Round "9"]
[White "Diener, Carolin Valeria"]
[Black "Buckels, Valentin"]
[Result "0-1"]
[Termination "normal"]
[Board "23"]
[WhiteElo "1745"]
[BlackElo "1805"]
[PlyCount "92"]
[WhiteFideId "24699063"]
[BlackFideId "12942766"]
[EventCountry "GER"]
[EventRounds "11"]
[EventType "swiss"]
[EventDate "2012.05.26"]

1. e4 e5 2. Nf3 Nc6 3. Bb5 a6 4. Bxc6 dxc6 5. O-O Qf6 6. d4 exd4 7. Bg5 Qd6 8.
Qxd4 Qxd4 9. Nxd4 Bd7 10. Nc3 Ne7 11. Bf4 O-O-O 12. a4 Ng6 13. Bg3 h5 14. f3 h4
15. Bf2 Bd6 16. Rfb1 h3 17. g3 Ne5 18. f4 Ng4 19. Nf3 Nxf2 20. Kxf2 Bc5+ 21.
Kf1 f6 22. f5 Be8 23. g4 Bf7 24. b4 Bd4 25. Ra3 Rhe8 26. Re1 Bc4+ 27. Ne2 Rxe4
28. c3 Ba7 29. Ra2 Bxa2 30. Ned4 Bc4+ 31. Kf2 Bxd4+ 32. Nxd4 Rxe1 33. Kxe1 Rxd4
34. cxd4 Bd5 35. Kf2 Kd7 36. Kg3 Bg2 37. Kh4 Kd6 38. Kh5 Kd5 39. Kg6 Kxd4 40.
Kxg7 Ke5 41. Kg6 a5 42. bxa5 c5 43. g5 fxg5 44. f6 Bd5 45. Kxg5 c4 46. Kg4 c3
0-1

[Event "DEM U12 2012"]
[Site "Oberhof GER"]
[Date "2012.06.01"]
[Round "9"]
[White "Hesse, Henrik"]
[Black "Wächter, Nathalie"]
[Result "1-0"]
[Termination "normal"]
[Board "24"]
[WhiteElo "1489"]
[BlackElo "1656"]
[PlyCount "91"]
[WhiteFideId "12952060"]
[BlackFideId "12921033"]
[EventCountry "GER"]
[EventRounds "11"]
[EventType "swiss"]
[EventDate "2012.05.26"]

1. e4 e5 2. Nf3 Nc6 3. Bc4 Bc5 4. d3 Nf6 5. c3 d6 6. O-O O-O 7. Nbd2 a6 8. Bb3
Ba7 9. Re1 Ng4 10. Re2 Nh6 11. h3 Kh8 12. Nf1 f5 13. N1h2 f4 14. d4 Qf6 15.
dxe5 dxe5 16. Rd2 Be6 17. Bxe6 Qxe6 18. b3 Qf6 19. h4 Rad8 20. Bb2 Rxd2 21.
Qxd2 Rd8 22. Qe2 Nf7 23. Rd1 Rxd1+ 24. Qxd1 Qe6 25. c4 Nd4 26. Nxd4 exd4 27.
Bxd4 Qd6 28. Nf3 c5 29. e5 Nxe5 30. Nxe5 Qxd4 31. Qxd4 cxd4 32. Nd3 Bb8 33. Kf1
b6 34. Ke2 h6 35. Kf3 g5 36. hxg5 hxg5 37. Kg4 Kg7 38. Kxg5 Bc7 39. Nxf4 Kf7
40. Kf5 Bxf4 41. Kxf4 Ke6 42. Ke4 d3 43. Kxd3 Ke5 44. g4 Kf4 45. Kd4 Kxg4 46.
Kd5 1-0

[Event "DEM U12 2012"]
[Site "Oberhof GER"]
[Date "2012.06.01"]
[Round "9"]
[White "Steffens, Oliver"]
[Black "Kreyssig, Bruno"]
[Result "0-1"]
[Termination "normal"]
[Board "25"]
[WhiteElo "1262"]
[BlackElo "1741"]
[PlyCount "162"]
[WhiteFideId "12947148"]
[BlackFideId "4692489"]
[EventCountry "GER"]
[EventRounds "11"]
[EventType "swiss"]
[EventDate "2012.05.26"]

1. e4 c5 2. Nf3 Nc6 3. Bb5 g6 4. O-O Bg7 5. Re1 e5 6. c3 Nge7 7. Bf1 O-O 8. d3
d6 9. Be3 f5 10. Ng5 Kh8 11. Qb3 Qe8 12. Ne6 Bxe6 13. Qxe6 f4 14. Bd2 Rf6 15.
Qg4 h6 16. Be2 Qf8 17. f3 Rd8 18. Na3 a6 19. Nc4 Nc8 20. b3 b5 21. Nb2 Qe8 22.
g3 g5 23. Nd1 N8e7 24. Nf2 Kg8 25. Qh3 h5 26. g4 h4 27. Qf1 Rf8 28. Nh3 Qg6 29.
Qf2 b4 30. a4 bxc3 31. Bxc3 Rb8 32. Reb1 Nb4 33. Rb2 Bf6 34. Kh1 Qe8 35. Rc1 a5
36. Bxb4 Rxb4 37. Qe1 Nc6 38. Nf2 Nd4 39. Bd1 Qb8 40. Rc4 Rf7 41. Rxb4 Qxb4 42.
Qxb4 cxb4 43. Kg1 Rc7 44. Kg2 Kg7 45. Ra2 Rc3 46. Rb2 Bd8 47. Nh3 Kf6 48. Nf2
Bb6 49. h3 Ke7 50. Kf1 Kd7 51. Ke1 Kc6 52. Be2 Rxb3 53. Rxb3 Nxb3 54. Nd1 Bd4
55. Bf1 Nc5 56. Kd2 Nxa4 57. Kc2 Kb5 58. Kb3 Nc5+ 59. Ka2 Ka4 60. Be2 b3+ 61.
Kb1 Ka3 62. Bf1 b2 63. Be2 Nb3 64. Nxb2 Bxb2 65. Bd1 Bd4 66. Bc2 Kb4 67. Bd1
Kc3 68. Be2 Nc5 69. Ka2 Nxd3 70. Ka3 Nc5 71. Bb5 Nd3 72. Ka4 Ne1 73. Kxa5 Nxf3
74. Be2 Ng1 75. Bf1 f3 76. Kb5 f2 77. Kc6 Kd2 78. Kxd6 Ke1 79. Bb5 f1=Q 80.
Bxf1 Kxf1 81. Ke6 Nxh3 0-1

[Event "DEM U12 2012"]
[Site "Oberhof GER"]
[Date "2012.06.01"]
[Round "9"]
[White "Schirra, Maurice"]
[Black "Ott, Josef Sebastian"]
[Result "1-0"]
[Termination "normal"]
[Board "26"]
[WhiteElo "1617"]
[BlackElo "1478"]
[PlyCount "45"]
[WhiteFideId "12941115"]
[BlackFideId "12952079"]
[EventCountry "GER"]
[EventRounds "11"]
[EventType "swiss"]
[EventDate "2012.05.26"]

1. e4 e5 2. Nf3 Nc6 3. d4 exd4 4. Nxd4 Qh4 5. Nc3 Bb4 6. Be2 Qxe4 7. Ndb5 Bxc3+
8. bxc3 Kd8 9. O-O Nf6 10. Rb1 Re8 11. Bf3 Qe5 12. Be3 d6 13. Re1 Bd7 14. Nd4
Kc8 15. Qd3 Nxd4 16. cxd4 Qf5 17. Bxb7+ Kd8 18. Qxf5 Bxf5 19. Bxa8 Bxc2 20.
Rb8+ Kd7 21. Rxe8 Kxe8 22. Bc6+ Kd8 23. Bg5 1-0

[Event "DEM U12 2012"]
[Site "Oberhof GER"]
[Date "2012.06.01"]
[Round "9"]
[White "Wallat, Jessica"]
[Black "Sanati, Charlotte"]
[Result "1/2-1/2"]
[Termination "normal"]
[Board "27"]
[WhiteElo "1596"]
[BlackElo "1644"]
[PlyCount "109"]
[WhiteFideId "12909637"]
[BlackFideId "12907707"]
[EventCountry "GER"]
[EventRounds "11"]
[EventType "swiss"]
[EventDate "2012.05.26"]

1. e4 e5 2. Nf3 Nc6 3. Bc4 Bc5 4. c3 Nf6 5. d4 exd4 6. e5 d5 7. Bb5 Ne4 8. cxd4
Bb4+ 9. Bd2 Nxd2 10. Nbxd2 O-O 11. O-O Bg4 12. Bxc6 bxc6 13. Qa4 Bxd2 14. Nxd2
Qg5 15. f4 Qg6 16. Nf3 Bxf3 17. Rxf3 Qe4 18. Rc1 Rab8 19. b3 Rb6 20. h3 Rfb8
21. Rxc6 Rxc6 22. Qxc6 Qxd4+ 23. Kh2 h6 24. Qxc7 Re8 25. Qd7 Re6 26. Qc8+ Kh7
27. Qc3 Qxc3 28. Rxc3 Kg6 29. g4 Ra6 30. a4 Rb6 31. Rd3 Rb4 32. f5+ Kg5 33. Kg3
h5 34. h4+ Kh6 35. g5+ Kh7 36. Re3 d4 37. Rd3 Kg8 38. Kf4 Kf8 39. f6 g6 40. Ke4
Ke8 41. Rxd4 Rxb3 42. Kd5 Rb6 43. Re4 Kd7 44. Rd4 Re6 45. Rb4 Kc7 46. Rb5 a6
47. Rb4 Re8 48. a5 Rd8+ 49. Ke4 Rd1 50. Rb6 Re1+ 51. Kd5 Rd1+ 52. Kc5 Rc1+ 53.
Kd4 Rd1+ 54. Ke3 Re1+ 55. Kf4 1/2-1/2

[Event "DEM U12 2012"]
[Site "Oberhof GER"]
[Date "2012.06.01"]
[Round "9"]
[White "Hartmann, Martin"]
[Black "Simon, Tessa"]
[Result "1-0"]
[Termination "normal"]
[Board "28"]
[WhiteElo "1728"]
[BlackElo "1438"]
[PlyCount "87"]
[WhiteFideId "12911925"]
[BlackFideId "12929395"]
[EventCountry "GER"]
[EventRounds "11"]
[EventType "swiss"]
[EventDate "2012.05.26"]

1. e4 c5 2. Nf3 Nc6 3. Bb5 g6 4. Bxc6 bxc6 5. d4 Bg7 6. O-O cxd4 7. Nxd4 Nh6 8.
Nc3 e5 9. Nf3 d6 10. h3 O-O 11. Be3 f6 12. Qd2 Nf7 13. Rfd1 Be6 14. a4 Qc7 15.
b4 f5 16. Qe2 fxe4 17. Nxe4 Bf5 18. Ng3 Bd7 19. Rab1 Rfc8 20. Ng5 Nxg5 21. Bxg5
d5 22. Qd2 Be6 23. h4 Qf7 24. Re1 Re8 25. Ne2 Rf8 26. Nc1 Rfe8 27. Nb3 Rf8 28.
Nc5 Bc8 29. Rf1 Bf6 30. Bxf6 Qxf6 31. Qe2 Re8 32. h5 Kg7 33. Rb3 Bf5 34. Rg3
Rh8 35. Qf3 Bxc2 36. h6+ Kf7 37. Nd7 Qxf3 38. Nxe5+ Ke6 39. Nxf3 Bxa4 40. Re1+
Kd6 41. Ng5 Kd7 42. Rge3 a6 43. Re7+ Kd8 44. Nf7+ 1-0

[Event "DEM U12 2012"]
[Site "Oberhof GER"]
[Date "2012.06.01"]
[Round "9"]
[White "Killgus, Leonard"]
[Black "Herbrig, Alexander"]
[Result "0-1"]
[Termination "normal"]
[Board "29"]
[WhiteElo "1374"]
[BlackElo "1662"]
[PlyCount "64"]
[WhiteFideId "12922021"]
[BlackFideId "12952044"]
[EventCountry "GER"]
[EventRounds "11"]
[EventType "swiss"]
[EventDate "2012.05.26"]

1. e4 c5 2. Nf3 Nc6 3. d4 cxd4 4. Nxd4 Nf6 5. Nc3 d6 6. h3 e5 7. Nf3 Be7 8. Bc4
Be6 9. Bb3 Bxb3 10. axb3 O-O 11. O-O a6 12. g4 Nb4 13. Qe2 Qc7 14. Rd1 Rac8 15.
Bd2 Rfd8 16. Be1 h6 17. Rac1 Qb8 18. Nd5 Nbxd5 19. exd5 Nh7 20. c4 b6 21. Ra1
Qb7 22. b4 Ng5 23. Nxg5 Bxg5 24. b3 Bf4 25. Bd2 Bxd2 26. Rxd2 g6 27. Qe3 Kh7
28. Rda2 Ra8 29. g5 hxg5 30. Qxg5 Kg7 31. Rxa6 Rxa6 32. Rxa6 f6 0-1

[Event "DEM U12 2012"]
[Site "Oberhof GER"]
[Date "2012.06.01"]
[Round "9"]
[White "Dallinger, Moritz"]
[Black "Shevelko, Alexander"]
[Result "1/2-1/2"]
[Termination "normal"]
[Board "30"]
[WhiteElo "1547"]
[BlackElo "1373"]
[PlyCount "141"]
[WhiteFideId "12910864"]
[BlackFideId "12952125"]
[EventCountry "GER"]
[EventRounds "11"]
[EventType "swiss"]
[EventDate "2012.05.26"]

1. e4 c6 2. Nc3 d5 3. Nf3 dxe4 4. Nxe4 Nd7 5. Bc4 Ngf6 6. Neg5 e6 7. O-O Be7 8.
Re1 h6 9. Ne4 O-O 10. d3 b6 11. Nxf6+ Bxf6 12. c3 c5 13. d4 Bb7 14. dxc5 Nxc5
15. Qxd8 Rfxd8 16. Be3 Nd3 17. Bxd3 Rxd3 18. Rad1 Rxd1 19. Rxd1 Rd8 20. Rxd8+
Bxd8 21. Nd4 a6 22. Nb3 Kf8 23. Nd2 Bd5 24. c4 Bc6 25. Bd4 f6 26. f3 f5 27. Kf2
Kf7 28. Nb3 g6 29. Nc1 b5 30. Nd3 Be8 31. cxb5 axb5 32. Ne5+ Ke7 33. Bc5+ Kf6
34. f4 Kg7 35. Bd4 Kh7 36. b4 g5 37. g3 gxf4 38. gxf4 Bh4+ 39. Ke2 Bh5+ 40. Nf3
Be7 41. Bc5 Bd8 42. Ke3 Bxf3 43. Kxf3 Kg6 44. h3 Kh5 45. Bf8 Bh4 46. Bd6 Bf6
47. Bf8 e5 48. fxe5 Bxe5 49. Bc5 Kh4 50. Be3 h5 51. Kg2 Bg3 52. Bd4 Bf4 53.
Bf6+ Bg5 54. Bd4 Bd8 55. Be5 Be7 56. a3 Kg5 57. Kf3 Kg6 58. Bf4 Bg5 59. Be5 Bc1
60. a4 bxa4 61. b5 a3 62. b6 Bb2 63. Bf4 a2 64. b7 a1=Q 65. b8=Q Qf1+ 66. Kg3
h4+ 67. Kh2 Qf2+ 68. Kh1 Qf3+ 69. Kh2 Qe2+ 70. Kh1 Qe4+ 71. Kh2 1/2-1/2

[Event "DEM U12 2012"]
[Site "Oberhof GER"]
[Date "2012.06.01"]
[Round "9"]
[White "Wiesner, Alexander"]
[Black "Fromm, Katja"]
[Result "1-0"]
[Termination "normal"]
[Board "31"]
[WhiteElo "1474"]
[BlackElo "1367"]
[PlyCount "91"]
[WhiteFideId "12943991"]
[BlackFideId "12929409"]
[EventCountry "GER"]
[EventRounds "11"]
[EventType "swiss"]
[EventDate "2012.05.26"]

1. e4 c6 2. Nc3 d5 3. Nf3 dxe4 4. Nxe4 Bf5 5. Ng3 Bg4 6. Bc4 Nf6 7. Ne5 Be6 8.
Bxe6 fxe6 9. O-O Nbd7 10. Nxd7 Qxd7 11. Re1 O-O-O 12. Qe2 g6 13. Qxe6 Qxe6 14.
Rxe6 Rd7 15. d3 Bg7 16. Bd2 Nd5 17. Rb1 Rd6 18. Re4 Re8 19. Bb4 Rd7 20. Bd2 e5
21. Rbe1 Rde7 22. Bc3 Kd7 23. Bb4 Re6 24. Bd2 Nf6 25. R4e2 Nd5 26. Ne4 b6 27.
Ng5 R6e7 28. Nxh7 Bh6 29. Bxh6 Rxh7 30. Bg5 Rh5 31. Bd2 Kd6 32. d4 Nf6 33.
dxe5+ Rhxe5 34. Bf4 Nd7 35. Bxe5+ Rxe5 36. Rxe5 Nxe5 37. f3 g5 38. Kf2 c5 39.
g3 b5 40. h4 gxh4 41. gxh4 a5 42. h5 Nf7 43. Rg1 c4 44. h6 Kd5 45. h7 b4 46.
Rg5+ 1-0

[Event "DEM U12 2012"]
[Site "Oberhof GER"]
[Date "2012.06.01"]
[Round "9"]
[White "Köhler, Inken"]
[Black "Lai Hop, Long"]
[Result "1-0"]
[Termination "normal"]
[Board "32"]
[WhiteElo "1459"]
[BlackElo "1331"]
[PlyCount "131"]
[WhiteFideId "12929301"]
[BlackFideId "12942707"]
[EventCountry "GER"]
[EventRounds "11"]
[EventType "swiss"]
[EventDate "2012.05.26"]

1. e4 c5 2. b4 cxb4 3. d4 d6 4. a3 bxa3 5. Nxa3 e6 6. Nf3 Be7 7. Bb2 Nf6 8. Bd3
O-O 9. O-O b6 10. e5 dxe5 11. dxe5 Nd5 12. c4 Nb4 13. Be4 N4c6 14. Nb5 Bb7 15.
Qxd8 Bxd8 16. Nd6 Ba6 17. Bxc6 Nxc6 18. Rxa6 Bc7 19. c5 Bxd6 20. exd6 Nb8 21.
Ra2 bxc5 22. Ba3 Nd7 23. Rc1 Rfc8 24. Rac2 Rab8 25. g3 Rb6 26. Nd4 Rxd6 27.
Bxc5 Nxc5 28. Rxc5 Rcd8 29. Nc6 Rf8 30. Nxa7 h6 31. Rc8 Rxc8 32. Rxc8+ Kh7 33.
Kg2 Kg6 34. Nc6 Kf5 35. h3 g5 36. Nb4 h5 37. Nc2 g4 38. Ne3+ Kg5 39. Rc5+ f5
40. Rc8 Kg6 41. Rh8 Rd7 42. h4 Rh7 43. Rxh7 Kxh7 44. f3 Kg6 45. Nc4 Kf6 46. Kf2
e5 47. Ke3 f4+ 48. gxf4 exf4+ 49. Kxf4 gxf3 50. Kxf3 Kf5 51. Ne3+ Ke5 52. Ng2
Kf6 53. Ke4 Kg6 54. Nf4+ Kh6 55. Kf5 Kg7 56. Kg5 Kh7 57. Ne6 Kg8 58. Kxh5 Kh7
59. Kg5 Kg8 60. Kg6 Kh8 61. Kh6 Kg8 62. Ng5 Kh8 63. Nf7+ Kg8 64. Kg6 Kf8 65. h5
Kg8 66. h6 1-0

[Event "DEM U12 2012"]
[Site "Oberhof GER"]
[Date "2012.06.01"]
[Round "9"]
[White "Junk, Phillip"]
[Black "Schamber, Dennis"]
[Result "1-0"]
[Termination "normal"]
[Board "33"]
[WhiteElo "1443"]
[BlackElo "1108"]
[PlyCount "111"]
[WhiteFideId "12952095"]
[BlackFideId "12952176"]
[EventCountry "GER"]
[EventRounds "11"]
[EventType "swiss"]
[EventDate "2012.05.26"]

1. e4 d5 2. exd5 Qxd5 3. Nc3 Qa5 4. d4 c6 5. Nf3 Bg4 6. h3 Bh5 7. Bd2 Qc7 8.
Bc4 Nf6 9. Qe2 e6 10. g4 Bg6 11. O-O-O Nbd7 12. Ne5 Nxe5 13. dxe5 Nd5 14. f4
O-O-O 15. Rhf1 Nxc3 16. Bxc3 Rxd1+ 17. Qxd1 Qd7 18. Qxd7+ Kxd7 19. f5 exf5 20.
gxf5 Bh5 21. e6+ fxe6 22. fxe6+ Ke8 23. Rg1 b5 24. Bb3 c5 25. Bd5 b4 26. Be5
Ke7 27. Bxg7 Bxg7 28. Rxg7+ Kd6 29. Bb3 Rf8 30. Bc4 Bg6 31. Rxa7 Rf3 32. Rd7+
Ke5 33. Rd5+ Kf6 34. h4 Rf4 35. Rxc5 Rxh4 36. Kd2 Rh2+ 37. Be2 Kxe6 38. Rb5
Bxc2 39. Kxc2 Rxe2+ 40. Kb3 Rh2 41. Rxb4 h5 42. Ka4 h4 43. Ka5 h3 44. a4 Rh1
45. Rh4 Rb1 46. b4 Rb3 47. b5 Kd6 48. Ka6 Kc7 49. a5 Ra3 50. b6+ Kc6 51. b7 Rb3
52. Rxh3 Rxh3 53. b8=Q Rh7 54. Qb6+ Kd5 55. Qb7+ Rxb7 56. Kxb7 1-0

[Event "DEM U12 2012"]
[Site "Oberhof GER"]
[Date "2012.06.01"]
[Round "9"]
[White "Müller, Sophie"]
[Black "Kolchugina, Lada"]
[Result "1/2-1/2"]
[Termination "normal"]
[Board "34"]
[WhiteElo "1435"]
[BlackElo "1074"]
[PlyCount "162"]
[WhiteFideId "12926698"]
[BlackFideId "12929743"]
[EventCountry "GER"]
[EventRounds "11"]
[EventType "swiss"]
[EventDate "2012.05.26"]

1. Nf3 Nc6 2. g3 e5 3. d3 d5 4. Bg2 Nf6 5. O-O Be7 6. c4 O-O 7. a3 dxc4 8. dxc4
Be6 9. Qc2 Qd7 10. Rd1 Qc8 11. b4 Bf5 12. Qb3 e4 13. Nd4 Nxd4 14. Rxd4 Bh3 15.
Nc3 Bxg2 16. Kxg2 c5 17. Rd1 cxb4 18. axb4 Qc6 19. Nd5 Nxd5 20. Rxd5 Rfd8 21.
Rxd8+ Rxd8 22. Rxa7 e3+ 23. f3 Bg5 24. Ra2 Rd6 25. Bxe3 h6 26. Bxg5 hxg5 27.
Ra8+ Kh7 28. Qc2+ g6 29. Qc3 Rf6 30. b5 Qe6 31. Kf2 g4 32. f4 Kg7 33. Qd3 Qb6+
34. Qe3 Qe6 35. Qxe6 Rxe6 36. Rb8 Rb6 37. Ke3 Re6+ 38. Kd2 b6 39. Rc8 Rd6+ 40.
Ke1 Kf6 41. e4 Rd4 42. e5+ Ke6 43. Rc6+ Kf5 44. Rxb6 Rxc4 45. Rf6+ Ke4 46. Rc6
Rb4 47. b6 Ke3 48. Rc3+ Kd4 49. Kd2 Rb2+ 50. Rc2 Rxb6 51. Kc1 Kd3 52. Rc7 f6
53. Rd7+ Kc3 54. Rd6 Rb4 55. exf6 Rb7 56. f7 Rxf7 57. Rxg6 Re7 58. Rc6+ Kd3 59.
Rc2 Rf7 60. Rc5 Kd4 61. Re5 Rf6 62. Rg5 Rc6+ 63. Kd2 Rh6 64. Re5 Rxh2+ 65. Re2
Rh6 66. Re3 Rf6 67. Rd3+ Ke4 68. Kc2 Rc6+ 69. Rc3 Rd6 70. Kb3 Rb6+ 71. Kc4 Rc6+
72. Kb4 Rb6+ 73. Kc5 Rf6 74. Rb3 Re6 75. Rb1 Kf5 76. Rd1 Rf6 77. Rd4 Rf7 78.
Kd6 Rf6+ 79. Kc5 Rf7 80. Kd6 Rf6+ 81. Kd5 Rf7 1/2-1/2

[Event "DEM U12 2012"]
[Site "Oberhof GER"]
[Date "2012.06.01"]
[Round "9"]
[White "Schröder, Janina"]
[Black "Reimers, Kim"]
[Result "0-1"]
[Termination "normal"]
[Board "36"]
[WhiteElo "1353"]
[BlackElo "1473"]
[PlyCount "54"]
[WhiteFideId "24693138"]
[BlackFideId "12930377"]
[EventCountry "GER"]
[EventRounds "11"]
[EventType "swiss"]
[EventDate "2012.05.26"]

1. e4 e6 2. d4 d5 3. exd5 exd5 4. Qf3 Bd6 5. Bd3 Ne7 6. Ne2 O-O 7. O-O Ng6 8.
c3 c6 9. Nd2 Nd7 10. Re1 Nf6 11. h3 Re8 12. Bxg6 hxg6 13. Rf1 Bf5 14. Ng3 Bd7
15. Nb3 Qc7 16. Bg5 Ne4 17. Nxe4 Rxe4 18. Nd2 Re6 19. Be3 Rae8 20. b3 Qa5 21.
c4 Rxe3 22. fxe3 Qxd2 23. Qxf7+ Kh7 24. Qxd7 Qxe3+ 25. Kh1 Qg3 26. Kg1 Re2 27.
Qxd6 Qxg2# 0-1

[Event "DEM U12 2012"]
[Site "Oberhof GER"]
[Date "2012.06.01"]
[Round "9"]
[White "Özkan, Afet-Ekin"]
[Black "Torgashov, Katerina"]
[Result "1/2-1/2"]
[Termination "normal"]
[Board "37"]
[WhiteElo "1406"]
[BlackElo "1222"]
[PlyCount "157"]
[WhiteFideId "12952117"]
[BlackFideId "12938173"]
[EventCountry "GER"]
[EventRounds "11"]
[EventType "swiss"]
[EventDate "2012.05.26"]

1. c4 e5 2. Nc3 Nc6 3. g3 f5 4. Bg2 Bb4 5. Nd5 Bc5 6. d3 h6 7. Nf3 Nf6 8. Nc3
d6 9. O-O Bd7 10. a3 a6 11. Rb1 Rb8 12. b4 Ba7 13. b5 Nd4 14. e3 Nxf3+ 15. Bxf3
O-O 16. a4 Qe7 17. a5 Qd8 18. Ba3 Bc5 19. Bxc5 dxc5 20. Na4 Qe7 21. Qc1 Be6 22.
Qa3 Nd7 23. bxa6 bxa6 24. Bc6 Rxb1 25. Rxb1 Nb8 26. Bg2 Nd7 27. Rb7 Qd6 28. Ra7
Rb8 29. Ra8 Rxa8 30. Bxa8 e4 31. Nb2 exd3 32. Nxd3 Bxc4 33. Nb2 Bb5 34. Qb3+
Kh7 35. e4 fxe4 36. Bxe4+ Kh8 37. h3 Qd2 38. Qe6 Qe1+ 39. Kh2 Qxf2+ 40. Kh1 Qf6
41. Qe8+ Qf8 42. Qg6 Nf6 43. Bb1 Bc6+ 44. Kg1 Qe8 45. Qxe8+ Nxe8 46. Nd3 c4 47.
Nb4 Bb5 48. Kf2 Kg8 49. Ke3 Kf7 50. Kd4 Ke6 51. Ba2 Nd6 52. g4 g5 53. Nd3 Nb7
54. Bxc4+ Bxc4 55. Kxc4 Nxa5+ 56. Kb4 Nb7 57. Ka4 c5 58. Kb3 Kd5 59. Ka4 Kd4
60. Nc1 c4 61. Kb4 c3 62. Ne2+ Ke3 63. Nxc3 Kf3 64. Nd5 Kg3 65. Nf6 Kxh3 66.
Ka4 Kg3 67. Kb4 Kf4 68. Ka4 Nc5+ 69. Ka5 Nd3 70. Ng8 Kxg4 71. Nxh6+ Kh5 72. Nf5
Nc5 73. Kb6 Kg6 74. Ne3 Ne4 75. Kxa6 Kh5 76. Kb5 Kh4 77. Kc4 Kh3 78. Kd3 Nf2+
79. Ke2 1/2-1/2

[Event "DEM U12 2012"]
[Site "Oberhof GER"]
[Date "2012.06.01"]
[Round "9"]
[White "Abbasov, Amil"]
[Black "Denkert, Anna"]
[Result "0-1"]
[Termination "normal"]
[Board "38"]
[WhiteElo "1716"]
[BlackElo "1519"]
[PlyCount "126"]
[WhiteFideId "12930300"]
[BlackFideId "12938122"]
[EventCountry "GER"]
[EventRounds "11"]
[EventType "swiss"]
[EventDate "2012.05.26"]

1. e4 e6 2. d4 d5 3. exd5 exd5 4. c4 Nf6 5. Nc3 Nc6 6. Nf3 Bb4 7. Bd2 O-O 8.
Be2 dxc4 9. d5 Nxd5 10. Nxd5 Qxd5 11. Bxb4 Qxd1+ 12. Rxd1 Nxb4 13. Bxc4 Re8+
14. Kd2 Be6 15. Kc3 Bxc4 16. Kxc4 Re4+ 17. Kb3 Na6 18. Kc3 h6 19. Nd4 Nc5 20.
Rhe1 Rae8 21. Rxe4 Nxe4+ 22. Kb3 Nxf2 23. Rc1 Re3+ 24. Kc4 Re4 25. Rf1 Ng4 26.
Kd3 Nxh2 27. Kxe4 Nxf1 28. Nb5 c6 29. Nxa7 g5 30. Nc8 Kg7 31. Nd6 b5 32. Nf5+
Kg6 33. Ne7+ Kh5 34. Nxc6 f5+ 35. Kf3 Nd2+ 36. Kf2 Nc4 37. b3 Nb2 38. Nd4 Nd1+
39. Kf3 Nc3 40. a3 Kg6 41. Ke3 Nd5+ 42. Kf3 g4+ 43. Kg3 b4 44. a4 h5 45. a5 f4+
46. Kf2 Nc7 47. Nc6 Na6 48. Nd4 h4 49. Kg1 Kf6 50. Kf2 Ke5 51. Nc6+ Ke4 52. Ne7
g3+ 53. Ke2 Nc5 54. Nc6 Na6 55. Ne7 Kd4 56. Ng6 Kc3 57. Nxf4 Kxb3 58. Nd3 Kc3
59. Nxb4 Nxb4 60. Kf3 Kd3 61. Kg4 Ke3 62. Kxh4 Kf2 63. Kh3 Na6 0-1

[Event "DEM U12 2012"]
[Site "Oberhof GER"]
[Date "2012.06.01"]
[Round "9"]
[White "Edelmann, Jonas"]
[Black "Wachsmann, Dietmar"]
[Result "1-0"]
[Termination "normal"]
[Board "39"]
[WhiteElo "1289"]
[BlackElo "1405"]
[PlyCount "129"]
[BlackFideId "12917168"]
[EventCountry "GER"]
[EventRounds "11"]
[EventType "swiss"]
[EventDate "2012.05.26"]

1. e4 e5 2. Nf3 d6 3. d4 exd4 4. Nxd4 Nf6 5. Nc3 Be7 6. f3 O-O 7. Bd3 Re8 8.
O-O Nbd7 9. Be3 Ne5 10. Kh1 Nxd3 11. Qxd3 Bf8 12. Rfe1 d5 13. exd5 Nxd5 14.
Nxd5 Qxd5 15. Nb5 Qxd3 16. cxd3 Re7 17. Bf4 Bf5 18. Rxe7 Bxe7 19. Nxc7 Rc8 20.
Nd5 Bc5 21. Rc1 Re8 22. g4 Bxd3 23. Rxc5 Re1+ 24. Kg2 Re2+ 25. Kg3 h6 26. Bb8
Rxb2 27. Bxa7 g5 28. Rc8+ Kh7 29. Rh8+ Kxh8 30. Bd4+ Kh7 31. Bxb2 Bc4 32. Nb4
b5 33. f4 Kg6 34. f5+ Kh7 35. Kf3 h5 36. gxh5 Kh6 37. Kg4 Be2+ 38. Kg3 Kxh5 39.
Nc6 Bg4 40. f6 Be6 41. a3 Bd5 42. Nd4 Bc4 43. Nf5 Kg6 44. Nd6 Bd3 45. h4 gxh4+
46. Kxh4 Be2 47. Kg3 Bd3 48. Kf4 Bf1 49. Ke5 b4 50. axb4 Bh3 51. b5 Kh7 52.
Nxf7 Bc8 53. Nd6 Bd7 54. f7 Kg7 55. Kd5+ Kf8 56. b6 Bh3 57. Ke5 Bg2 58. Ne4 Bh3
59. b7 Be6 60. b8=Q+ Kxf7 61. Ng5+ Ke7 62. Qc7+ Bd7 63. Ba3+ Ke8 64. Kf6 Be6
65. Qe7# 1-0

[Event "DEM U12 2012"]
[Site "Oberhof GER"]
[Date "2012.06.01"]
[Round "9"]
[White "Lohrmann, Tabea"]
[Black "Usczeck, Alina"]
[Result "1-0"]
[Termination "normal"]
[Board "40"]
[WhiteElo "1339"]
[BlackElo "1255"]
[PlyCount "47"]
[WhiteFideId "12911941"]
[BlackFideId "12938114"]
[EventCountry "GER"]
[EventRounds "11"]
[EventType "swiss"]
[EventDate "2012.05.26"]

1. e4 e5 2. Nf3 Nf6 3. Nxe5 d6 4. Nf3 Nxe4 5. Nc3 Nxc3 6. dxc3 Be7 7. Bf4 Nc6
8. Qd2 a6 9. Nd4 Ne5 10. O-O-O Bg4 11. f3 Bh5 12. g4 Bg6 13. Bg3 c5 14. Bxe5
dxe5 15. Ne2 Bg5 16. f4 Qxd2+ 17. Rxd2 exf4 18. Rd5 Be7 19. Bg2 h6 20. Rf1 Rb8
21. Nxf4 Bh7 22. Re1 Rc8 23. Rde5 Rc7 24. Nd5 1-0

[Event "DEM U12 2012"]
[Site "Oberhof GER"]
[Date "2012.06.01"]
[Round "9"]
[White "Ley, Sabrina"]
[Black "Kummer, Birte"]
[Result "1/2-1/2"]
[Termination "normal"]
[Board "41"]
[WhiteElo "1334"]
[BlackElo "963"]
[PlyCount "89"]
[WhiteFideId "12938130"]
[BlackFideId "12952214"]
[EventCountry "GER"]
[EventRounds "11"]
[EventType "swiss"]
[EventDate "2012.05.26"]

1. e4 e5 2. d4 exd4 3. Nf3 Bb4+ 4. Bd2 Bxd2+ 5. Qxd2 Nc6 6. Nxd4 Nxd4 7. Qxd4
Qf6 8. Qc3 Qxc3+ 9. Nxc3 d6 10. O-O-O a6 11. f3 Nf6 12. Kb1 Bd7 13. Rd2 O-O-O
14. Bc4 Be6 15. Rd4 c5 16. Bxe6+ fxe6 17. Rd2 d5 18. exd5 exd5 19. Na4 c4 20.
Rhd1 Rd6 21. Re1 Rhd8 22. Re7 R8d7 23. Rde2 Kd8 24. R7e5 b5 25. Nc5 Ra7 26. g4
h6 27. h4 d4 28. g5 hxg5 29. hxg5 Nd5 30. Ne6+ Kc8 31. Nxd4 c3 32. a3 cxb2 33.
Kxb2 b4 34. axb4 Nxb4 35. Re8+ Kc7 36. R2e7+ Rd7 37. Rxd7+ Kxd7 38. Rg8 Kd6 39.
Nf5+ Ke5 40. Rxg7 Rxg7 41. Nxg7 Kf4 42. Nh5+ Kxg5 43. Kb3 Nxc2 44. Kxc2 Kxh5
45. Kb3 1/2-1/2

[Event "DEM U12 2012"]
[Site "Oberhof GER"]
[Date "2012.06.01"]
[Round "9"]
[White "Cejda, Cecilia"]
[Black "Nguyen, Ha Thanh"]
[Result "0-1"]
[Termination "normal"]
[Board "42"]
[WhiteElo "1330"]
[BlackElo "1199"]
[PlyCount "76"]
[WhiteFideId "12921122"]
[BlackFideId "12942154"]
[EventCountry "GER"]
[EventRounds "11"]
[EventType "swiss"]
[EventDate "2012.05.26"]

1. e4 c5 2. Nf3 Nc6 3. d4 cxd4 4. Nxd4 g6 5. Nc3 Bg7 6. Be3 Nf6 7. Bc4 d6 8. f3
O-O 9. Bb3 Bd7 10. Qd2 Rc8 11. O-O-O a6 12. Bh6 Nxd4 13. Bxg7 Nxb3+ 14. cxb3
Kxg7 15. Kb1 Qb6 16. g4 Qb4 17. h4 Rh8 18. h5 Be6 19. hxg6 hxg6 20. Rxh8 Rxh8
21. Qg5 Qc5 22. Qd2 Rh3 23. Qg2 Rh8 24. Rc1 Qe5 25. Qf1 Qg5 26. Qg2 Qh4 27. Ne2
Qh2 28. Qf1 d5 29. exd5 Nxd5 30. Qd1 Qg2 31. Nd4 Nf4 32. Qg1 Qh3 33. Qe3 g5 34.
Qe5+ Kg6 35. Rc5 Qf1+ 36. Kc2 Qd3+ 37. Kc1 Rh1+ 38. Qe1 Rxe1# 0-1

[Event "DEM U12 2012"]
[Site "Oberhof GER"]
[Date "2012.06.01"]
[Round "9"]
[White "Riegel, Arinna"]
[Black "Sauer, Annika"]
[Result "0-1"]
[Termination "normal"]
[Board "43"]
[WhiteElo "1161"]
[BlackElo "1501"]
[PlyCount "60"]
[WhiteFideId "12931446"]
[BlackFideId "12952052"]
[EventCountry "GER"]
[EventRounds "11"]
[EventType "swiss"]
[EventDate "2012.05.26"]

1. e4 d5 2. exd5 Qxd5 3. Nc3 Qa5 4. d4 c6 5. Bc4 Bf5 6. Nf3 Nf6 7. Bd2 Qc7 8.
O-O e6 9. Re1 Be7 10. Ne2 Nbd7 11. Ng3 Bg6 12. Nh4 O-O-O 13. Nxg6 hxg6 14. a4
Nb6 15. Ba5 Bb4 16. Bxb6 Qxb6 17. c3 Bd6 18. b4 Qc7 19. Qf3 Rh4 20. h3 Rdh8 21.
Ne2 Ng4 22. g3 Nxf2 23. Kxf2 Rxh3 24. Ke3 Bxg3 25. Ke4 f5+ 26. Kd3 Bxe1 27.
Rxe1 Rxf3+ 28. Kc2 Rh2 29. Kb1 Qe7 30. Ka1 Kd7 0-1